| 000 -LEADER |
| fixed length control field |
00315nam a22001337a 4500 |
| 008 - FIXED-LENGTH DATA ELEMENTS--GENERAL INFORMATION |
| fixed length control field |
250425b ||||| |||| 00| 0 eng d |
| 041 ## - LANGUAGE CODE |
| Language code of text/sound track or separate title |
eng |
| 080 ## - UNIVERSAL DECIMAL CLASSIFICATION NUMBER |
| Edition identifier |
9780060975197 |
| Universal Decimal Classification number |
616LEW |
| 082 ## - DEWEY DECIMAL CLASSIFICATION NUMBER |
| Edition number |
616LEW |
| Classification number |
616LEW |
| 100 ## - Rafti |
| Rafti |
12 |
| 101 ## - Shkurtesa |
| Shkurtesa |
GENETIK |
| 245 ## - TITLE STATEMENT |
| Title |
BIOLOGY AS IDEOLOGY |
| Statement of responsibility, etc |
R.C.LEWONTIN |
| 942 ## - ADDED ENTRY ELEMENTS (KOHA) |
| Source of classification or shelving scheme |
|
| Item type |
Books |